<?xml version="1.0" encoding="UTF-8"?>
<marc:record xmlns:marc="http://www.loc.gov/MARC21/slim">
   <marc:leader>00000nam a2200000 a 4500</marc:leader>
   <marc:datafield ind1="1" ind2=" " tag="100">
      <marc:subfield code="a">Harris, Charlaine</marc:subfield>
      <marc:subfield code="4">aut</marc:subfield>
      <marc:subfield code="e">Verfasser/-in</marc:subfield>
   </marc:datafield>
   <marc:datafield ind1="1" ind2=" " tag="100">
      <marc:subfield code="a">Harris, Charlaine</marc:subfield>
   </marc:datafield>
   <marc:datafield ind1=" " ind2=" " tag="653">
      <marc:subfield code="a">9</marc:subfield>
   </marc:datafield>
   <marc:datafield ind1="0" ind2="0" tag="245">
      <marc:subfield code="a">Vampire schlafen fest</marc:subfield>
   </marc:datafield>
   <marc:datafield ind1="0" ind2="0" tag="245">
      <marc:subfield code="b">Roman</marc:subfield>
   </marc:datafield>
   <marc:datafield ind1="0" ind2="0" tag="245">
      <marc:subfield code="c">Charlaine Harris. Dt. von Britta Mümmler</marc:subfield>
   </marc:datafield>
   <marc:datafield ind1=" " ind2="1" tag="264">
      <marc:subfield code="a">München</marc:subfield>
      <marc:subfield code="b">Dt. Taschenbuch-Verl.</marc:subfield>
      <marc:subfield code="c">2008</marc:subfield>
   </marc:datafield>
   <marc:datafield ind1="1" ind2=" " tag="490">
      <marc:subfield code="a">dtv</marc:subfield>
      <marc:subfield code="v">21068</marc:subfield>
   </marc:datafield>
   <marc:datafield ind1=" " ind2=" " tag="250">
      <marc:subfield code="a">Dt. Erstausg.</marc:subfield>
   </marc:datafield>
   <marc:datafield ind1="1" ind2=" " tag="520">
      <marc:subfield code="a">Angaben aus der Verlagsmeldung

Vampire schlafen fest : Roman / von Charlaine Harris

Ein Vampir-Gipfeltreffen in Texas - das kann unangenehm werden für gewöhnliche Sterbliche. Doch gewöhnlich ist Sookie Stackhouse, die Kellnerin aus Louisiana, sowieso nicht. Ihr besonderes Talent wird ihr vielleicht eine Hilfe sein: Sie kann Gedanken lesen. Die Vampirkönigin von Louisiana ist in einer misslichen Lage: Sie ist angeklagt, ihren Gemahl endgültig ums Leben gebracht zu haben. Und ihre Machtbasis schwindet - nach dem verheerenden Hurrikan in New Orleans ist sie auf Hilfe von außen angewiesen. Machtkämpfe, Intrigen und heimliche Allianzen überall. Es ist fraglich, wie lange Sookie die Rolle der neutralen Beobachterin durchhalten kann. Als wäre das nicht genug, ist sie umgeben von alten Lieben und einer neuen: Auch hier sind Entscheidungen gefragt. Und dann häufen sich die Hinweise auf eine Verschwörung, die alles gefährdet, was ihr lieb und teuer ist.
</marc:subfield>
   </marc:datafield>
   <marc:datafield ind1=" " ind2=" " tag="020">
      <marc:subfield code="a">9783423210683</marc:subfield>
      <marc:subfield code="9">9783423210683</marc:subfield>
   </marc:datafield>
   <marc:datafield ind1=" " ind2=" " tag="041">
      <marc:subfield code="a">ger</marc:subfield>
   </marc:datafield>
   <marc:datafield ind1=" " ind2=" " tag="300">
      <marc:subfield code="a">398 S.</marc:subfield>
   </marc:datafield>
</marc:record>
